Star Trek Fan Collective Quiz Stats

 Plays Quiz not verified by Sporcle

Score 0/76 Timer 15:00
0 Plays Today
Episode % Correct
Encounter at Farpoint
89.1%
Qpid
89.1%
The Best of Both Worlds Pts 1 and 2
87%
I, Borg
87%
Scorpion Pts 1 and 2
87%
Q Who
84.8%
Endgame
84.8%
Hide and Q
84.8%
Q Who
84.8%
Endgame
84.8%
Mirror, Mirror
84.8%
Deja Q
82.6%
All Good Things...
82.6%
Q-less
82.6%
All Good Things...
82.6%
The Q and the Gray
80.4%
Q2
80.4%
Tapestry
78.3%
The City on the Edge of Forever
73.9%
True Q
73.9%
The City on the Edge of Forever
73.9%
Descent Pts 1 and 2
71.7%
Sins of the Father
69.6%
Time's Arrow Pts 1 and 2
69.6%
Unimatrix Zero Pts 1 and 2
67.4%
The Trouble with Tribbles
65.2%
Redemption Pts 1 and 2
65.2%
Death Wish
65.2%
Tomorrow is Yesterday
65.2%
Broken Bow
63%
A Matter of Honor
63%
In a Mirror Darkly Pts 1 and 2
63%
Regeneration
60.9%
Errand of Mercy
60.9%
The Way of the Warrior
58.7%
Through The Looking Glass
58.7%
Shattered
58.7%
Dark Frontier
56.5%
Episode % Correct
Barge of the Dead
56.5%
Yesterday's Enterprise
56.5%
Yesterday's Enterprise
56.5%
The Sword of Kahless
54.3%
Trials and Tribble-ations
52.2%
Trials and Tribble-ations
52.2%
Shattered Mirror
50%
Drone
47.8%
Crossover
45.7%
The Inner Light
43.5%
Chain of Command Pts 1 and 2
41.3%
In The Pale Moonlight
41.3%
What You Leave Behind
41.3%
Balance of Terror
39.1%
Far Beyond The Stars
39.1%
Year of Hell Pts 1 and 2
39.1%
Timeless
39.1%
Little Green Men
37%
The Alternative Factor
37%
Parallels
37%
Darmok
34.8%
These Are The Voyages...
34.8%
Cause and Effect
34.8%
The Visitor
34.8%
The Enterprise Incident
32.6%
Before and After
32.6%
First Flight
30.4%
Twilight
30.4%
In Theory
28.3%
Counterpoint
28.3%
The Omega Directive
28.3%
Flashback
28.3%
Judgment
28.3%
E2
28.3%
The Enemy Within
26.1%
Turnabout Intruder
26.1%
Course: Oblivion
26.1%
Frame of Mind
21.7%

You're not logged in!

Compare scores with friends on all Sporcle quizzes.
OR
Log In

Show Comments

Extras

Top Quizzes Today


Score Distribution

Your Account Isn't Verified!

In order to create a playlist on Sporcle, you need to verify the email address you used during registration. Go to your Sporcle Settings to finish the process.

Report this User

Report this user for behavior that violates our Community Guidelines.

Details: